| Registos Bibliográficos associados ao registo de autoridade |
|
Etiqueta de registo: 00000nkm 2200025 450 001 2255304 003 http://id.bnportugal.gov.pt/bib/catbnp/2255304 100 ## $a20260127f19751980m y0pory01030103ba 101 0# $apor 102 ## $aPT 200 1# $aDia do Teatro de Amadores, Comunicado da Associação Regional de Santarém de Teatro
de Amadores, 21 de março$bVisual gráfico]$fAssociação Regional de Santarém de Teatro de Amadores 210 #9 $aSantarém $cAssociação Regional de Santarém de Teatro de Amadores,$d[entre 1975 e 1980]$eCartaxo:$gNovagráfica do Cartaxo) 215 ## $a1 cartaz$ccolor.$d35,5x25 cm 306 ## $aDatação atribuída em conformidade com as designações institucionais 317 ## $aColeção Madeira Luís 675 ## $a766(=1:469)"197/198"(084.5)$vBN$zpor$31619299 710 01 $aAssociação Regional de Santarém de Teatro de Amadores (ARSTA),$eSantarém$31981736 801 #0 $aPT$bBN$gRPC 966 ## $lBN$mICONOG$sCT. 5804 P.$x3 971 ## $cCaticonografia7$d20260127 995 ## $aPRR2026 $d20260127$iCaticonografia7
Etiqueta de registo: 00000nkm 2200025 450 001 2257496 003 http://id.bnportugal.gov.pt/bib/catbnp/2257496 100 ## $a20260130f197- m y0pory01030103ba 101 0# $apor 102 ## $aPT 200 1# $aFestival d'outono, APTA-ARSTA, Santarém$bVisual gráfico]$fAPTA – Associação Portuguesa de Teatro de Amadores, ARSTA – Associação Regional de
Santarém de Teatro de Amadores 210 #9 $aSantarém$cAPTA – Associação Portuguesa de Teatro de Amadores, ARSTA – Associação Regional de
Santarém de Teatro de Amadores,$d[posterior a 1973] 215 ## $a1 cartaz$ccolor.$d59,3x45,5 cm 306 ## $aDatação atribuída em conformidade com com as características formais do documento 317 ## $aColeção Madeira Luís 675 ## $a766(=1:469)"197"(084.5)$vBN$zpor$31270858 710 02 $aAssociação Portuguesa de Teatro de Amadores$31982457 711 01 $aAssociação Regional de Santarém de Teatro de Amadores (ARSTA),$eSantarém$31981736 801 #0 $aPT$bBN$gRPC 966 ## $lBN$mICONOG$sCT. 18675 A.$x3 971 ## $cCaticonografia3$d20260130 995 ## $aPRR2026 $d20260130$iCaticonografia3
Etiqueta de registo: 00000nkm 2200025 450 001 2273385 003 http://id.bnportugal.gov.pt/bib/catbnp/2273385 100 ## $a20260227f1986 m y0pory01030103ba 101 0# $apor 102 ## $aPT 200 1# $aCrónica dos Bons Malandros no Teatro da Trindade, Lisboa, 11, 12, 13 Julho$bVisual gráfico]$fARSTA 210 #9 $aSantarém$cARSTA,$d[1986?]$e[Tomar]: $gA Gráfica de Tomar) 215 ## $a1 cartaz$ccolor.$d67,5x48 cm 306 ## $aDatação atribuída em conformidade com o acontecimento anunciado 317 ## $aColeção Madeira Luís 710 01 $aAssociação Regional de Santarém de Teatro de Amadores (ARSTA),$eSantarém$31981736 801 #0 $aPT$bBN$gRPC 966 ## $lBN$mICONOG$sCT. 22930 A.$x3 971 ## $cCaticonografia9$d20260227 995 ## $aPRR2026
Etiqueta de registo: 00000nkm 2200025 450 001 2278657 003 http://id.bnportugal.gov.pt/bib/catbnp/2278657 100 ## $a20260310f19741984m y0pory01030103ba 101 0# $apor 102 ## $aPT 200 1# $aDe Mãos Dadas, APTA – Associação Portuguesa do Teatro de Amadores, ARSTA - Associação
Regional de Santarém de Teatro de Amadores$bVisual gráfico]$fAssociação Portuguesa do Teatro de Amadores 210 #9 $a[S.l.]$cAssociação Portuguesa do Teatro de Amadores,$d[entre 1974 e 1984] 215 ## $a1 cartaz$cp&b.$d20,9x29,3cm 306 ## $aDatação em conformidade com as características formais do documento 317 ## $aColeção Madeira Luís 711 02 $aAssociação Portuguesa do Teatro de Amadores$3289435 711 01 $aAssociação Regional de Santarém de Teatro de Amadores (ARSTA),$eSantarém$31981736 801 #0 $aPT$bBN$gRPC 966 ## $lBN$mICONOG$sCT. 6367 P.$x3 971 ## $cCaticonografia2$d20260310 995 ## $aPRR2026
Etiqueta de registo: 00000nkm 2200025 450 001 2281397 003 http://id.bnportugal.gov.pt/bib/catbnp/2281397 100 ## $a20260318f198- m y0pory01030103ba 101 0# $apor 102 ## $aPT 200 1# $aX Encontro Nacional Juvenil de Teatro de Fantoches, Santarém, 12 a 21 de setembro$bVisual gráfico]$fFAOJ/CCJ Santarém, Câmara Municipal de Santarém e Associação Regional de Santarém
de Teatro de Amadores 210 #9 $e Santarém $cFAOJ/CCJ Santarém,$d[198-?] 215 ## $a1 cartaz$ccolor.$d29,5x42 cm 306 ## $aDatação em conformidade com as características formais do documento 317 ## $aColeção Madeira Luís 710 02 $aEncontro Nacional Juvenil de Teatro de Fantoches,$d10,$eSantarém,$f1986$31992202 711 01 $aFundo de Apoio aos Organismos Juvenis.$bDireção Regional de Santarem$4557$31991570 712 01 $aSantarém.$bCâmara Municipal$4557$336148 712 01 $aAssociação Regional de Santarém de Teatro de Amadores (ARSTA),$eSantarém$4557$31981736 801 #0 $aPT$bBN$gRPC 966 ## $lBN$mICONOG$sCT. 16831 V.$x3 971 ## $cCaticonografia7$d20260318 972 ## $d20260422$e1$vmferro$z0 995 ## $aPRR2026
Etiqueta de registo: 00000nkm 2200025 450 001 2281885 003 http://id.bnportugal.gov.pt/bib/catbnp/2281885 100 ## $a20260319d1982 m y0pory01030103ba 101 0# $apor 102 ## $aPT 200 1# $aQuarto encontro de teatro, De Mãos Dadas, março-abril 1982$bVisual gráfico]$fAssociação Regional de Santarém do Teatro de Amadores, $aCentro Cultural Regional de Santarém, Associação Portuguesa de Teatro Amador 210 #9 $aSantarém$cAssociação Regional de Santarém do Teatro de Amadores,$d1982$eSantarém:$gTipotejo) 215 ## $a1 cartaz$ccolor.$d46x33 cm 317 ## $aColeção Madeira Luís 710 01 $aAssociação Regional de Santarém de Teatro de Amadores (ARSTA),$eSantarém$31981736 712 02 $aCentro Cultural Regional de Santarém$3203903 712 01 $aAssociação Portuguesa de Teatro Amador$31982117 801 #0 $aPT$bBN$gRPC 966 ## $lBN$mICONOG$sCT. 17011 V.$x3 971 ## $cCaticonografia5$d20260319 995 ## $aPRR2026
|
|
|